01010nam a2200277 a 450000100060000000300080000600500170001400800410003102000220007203500190009404000270011304100080014008200280014824501190017626000500029530000150034550400380036050500320039865000270043065000270045770000430048470000350052794200120056299900170057495201410059166038BD-RjUL20211209081508.0170313s1973 hiu b 001 0 eng  a0824802055 (v. 1) a(BD-RjUL)66168 aDLCcDLCdBD-RjULbeng aeng00a595.77095223bCAT 196312aA catalog of the Diptera of the Oriental region /cCompiled and edited by Mercedes D. Delfinado and D. Elmo Hardy. aHonolulu :bUniversity Press of Hawaiicc1973 av.c24 cm. aIncludes bibliographies and index0 aVol. 1. Suborder Nematocera 0aDipterazAsia.9195333 0aInsectszAsia.91953341 aHardy, D. Elmo,ejoint author.91953351 aDelfinado, Mercedes D.9195336 2ddccBK c66038d66038 00102ddc40718NFICaRUCLbRUCLcReadingd1977-03-14eAsia Foundationl0o595.77095 CAT 1963r2017-03-13 00:00:00tC-1w2017-03-13yBK